Most Man of the Match Awards - Statistics

General Stats
  • This quiz has been taken 16 times
  • The average score is 17 of 30
Answer Stats
Hint Players % Correct
57 Kylian Mbappe
100%
306 Messi
100%
175 Ronaldo
100%
70 Antoine Griezmann
92%
72 Luis Suarez
92%
86 Robert Lewandowski
92%
73 Gareth Bale
83%
70 Karim Benzema
83%
87 Neymar
83%
116 Zlatan Ibrahimovic
83%
51 Mohammed Salah
75%
57 Arjen Robben
67%
76 Kevin De Bruyne
67%
51 Sadio Mane
67%
100 Edin Hazard
58%
79 Harry Kane
58%
55 Sergio Aguero
58%
51 Angel Di maria
50%
56 Marco Reus
50%
57 Paul Pogba
50%
64 Alexis Sanchez
33%
60 Gonzalo Higuain
33%
54 Romelu Lukaku
33%
51 Lorenzo Insigne
25%
57 Edin Dzeko
8%
66 Memphis Depay
8%
55 Arturo Vidal
0%
67 Dimitri Payet
0%
58 Fekir
0%
51 Gerard Moreno
0%
No matching quizzes found
Score Distribution
Percent of People with Each Score
Percentile by Number Answered
Your Score History
You have not taken this quiz